Global warming: opposing view points (Record no. 267)

MARC details
000 -LEADER
fixed length control field 00602nam a2200157 a 4500
008 - FIXED-LENGTH DATA ELEMENTS--GENERAL INFORMATION
fixed length control field 140922s1997 ||||||||||||||||| || u
020 ## - INTERNATIONAL STANDARD BOOK NUMBER
International Standard Book Number 1565105117
050 ## - LIBRARY OF CONGRESS CALL NUMBER
Classification number 363.7387 GLO
100 ## - MAIN ENTRY--PERSONAL NAME
Personal name Swisher, Karin L.
245 10 - TITLE STATEMENT
Title Global warming: opposing view points
Statement of responsibility, etc. edited by Tamara L. Roleff, Scott Barbara and Karin L. Swisher
260 ## - PUBLICATION, DISTRIBUTION, ETC.
Place of publication, distribution, etc. New York
Name of publisher, distributor, etc. Greenhaven Press
Date of publication, distribution, etc. 1997
300 ## - PHYSICAL DESCRIPTION
Extent 192p.: ill
650 #0 - SUBJECT ADDED ENTRY--TOPICAL TERM
Topical term or geographic name entry element GLOBAL WARMING
700 ## - ADDED ENTRY--PERSONAL NAME
Personal name Barbar, Scott
995 ## -
-- AMERICAN CORNER
-- 0103638
-- CBU-DAG HAMMARSKJOLD INSTITUTE LIBRARY
-- 363.7387 GLO
-- 1
-- AVAILABLE
-- Sep 22, 2014
-- 0103638
-- American Collection
999 ## -
-- 267
-- 267
Holdings
Withdrawn status Lost status Source of classification or shelving scheme Damaged status Not for loan Permanent Location Current Location Shelving location Date acquired Total Checkouts Full call number Barcode Date last seen Price effective from Koha item type
          CBU-DAG HAMMARSKJOLD INSTITUTE CBU-DAG HAMMARSKJOLD INSTITUTE   11/28/2022   363.7387 GLO 0103638 11/28/2022 11/28/2022 MONOGRAPH